000 00773nam a22002537a 4500
001 00105
003 DO-SdBPM
005 20241118083538.0
007 00105
008 160317b 1987 sp|| 00| 0 spa d
020 _a8424155173
040 _aDO-SdBPM
_bspa
_cBPMSU
082 4 _a839.81
_bA544s 1987
_222
100 1 _aAndersen, Hans Christian,
_d1805-1875.
245 1 3 _aLa serenita /
_cHans Christian Andersen ; ilustrado por Hubert Sergent
_b
260 _aMadrid :
_bEditorial Everest,
_c1987
300 _a31 p. :
_bil., ;
_c28 cm.
490 0 _aCuentos de hadas Everest
590 _aInventariado, 2024/VM
650 4 _aCuentos infantiles daneses.
700 1 _aSergeant, Hubert
_eilustración
910 _aVMateo V. Control de calidad (BPMSU)
942 _2ddc
_cBK
999 _c14864
_d14864